000 00419nam a2200181Ia 4500
001 15349
005 20260306170149.0
008 260306t2000||||xx |||||||||||||| ||und||
041 _aESP
082 _a532
_bS83
100 _aStreeter, Victor L.
_eAUT
245 0 _aMecánica de fluidos
260 _c2000
300 _aix, 740 páginas :
_c27 cm.
650 _aGEN
654 _aCCN
942 _cLIB
_dJUS
_fJUS
_2ddc
_n
999 _c15349
_d15349